000 01340nam a2200325 i 4500
003 DO-SdBNP
005 20240606114011.0
006 a||||br|||| 00| 0
007 ta
008 240605e1987 dr a|||| |||| 00| 0 spa d
040 _aDO-SdBNP
_bspa
_cBMPHU
_erda
082 4 _222
_bP438m
100 _aPérez de Jiménez, Albania
_eautora
_985602
245 1 0 _aMatemática para la vida:
_bguía didáctica para el libro de matemática de tercer grado /
_cAlbania Pérez de Jiménez, Ángela Tavárez, Margarita Luciano de Sang; ilustración, Julia Gil Brioso.
246 1 4 _aMatemática para la vida:
_bguía didáctica 3er grado.
264 _aSanto Domingo :
_bSecretaría de Estado de Educación, Bellas Artes y Cultos Cultura,
_c1987
300 _a117 páginas :
_bilustraciones ;
_c23 cm.
336 _2rdacontent
_atexto
_btxt
337 _2rdamedia
_asin mediación
_bn
338 _2rdacarrier
_avolumen
_bnc
500 _a3er grado, nivel primario.
504 _aBibliografía: página 117
590 _aInventariado 2024 / MF
650 4 _aEducación primaria
_91420
_xGuía Didactica
650 _aGuía Didactica
_yRepública Dominicana
_985603
700 1 _aTavárez, Ángela,
_936265
_eautora
700 1 _aLuciano de Sang, Margarita,
_eautora
_985604
700 1 _aGil Brioso, Julia,
_eilustradora
_985605
942 _2ddc
_cLBS1
999 _c56785
_d56785